Formal issues in Austronesian linguistics

Bibliographic Details
Published in:Studies in natural language and linguistic theory
Main Authors: Paul, Ileana (ed.), Phillips, Vivianne (ed.), Travis, Lisa (ed.)
Content type: Book
Published: Dordrecht [etc.]: Kluwer 2000
Series:Studies in natural language and linguistic theory ; 49
Source:MPIPL_cat

MARC

LEADER 00000cam a2200000 ub4500
001 PL0092230
003 PLI01000000000000000089869
005 00000000000000.0
008 ||| u
020 |a 0-7923-6068-0 
020 |a 9780792360681 
090 |a 215-For/1 
100 1 |a Paul, Ileana  |e [ed.] 
245 0 0 |a Formal issues in Austronesian linguistics  |c ed. by Ileana Paul, Vivianne Phillips and Lisa Travis 
260 |a Dordrecht [etc.]  |b Kluwer  |c 2000 
300 |a XI, 262 p. 
490 0 |a Studies in natural language and linguistic theory  |v 49 
700 1 |a Phillips, Vivianne  |e [ed.] 
700 1 |a Travis, Lisa  |e [ed.] 
830 0 |w PL0000540 
852 |c 215-For/1  |m BOOK 
989 |a 01-01